000 00402nam a22001577a 4500
003 OSt
005 20221209163732.0
008 221006b |||||||| |||| 00| 0 eng d
040 _cBiblioteca Lado V
082 _a708
_bC574c
110 _9488
_aCIMAN
_eautor
245 _aCIMAM SEOUL 2004/
260 _c2004
_aSeul
300 _a94p.
_c21x29cm
942 _2ddc
_c1
_h708
_iC574c
_n0
999 _c2720
_d2720